000 01204nam a2200313 4500
001 178826
003 ES-MaACL
005 20230906220615.0
008 110713s1980 sp b |||| | spa d
020 _a84-600-2113-0 :
_c(v.1., tela)
020 _a84-600-2112-2 :
_c(o.c., tela)
080 _a016:860-146.2
100 1 _aSánchez Romeralo, Antonio.
_9102898
245 1 0 _aBibliografía del romancero oral /
_cpreparada por Antonio Sánchez Romeralo, Samuel G. Armistead, Suzanne H. Petersen...
246 3 1 _aBibliography of the Hispanic ballad in oral tradition
260 _aMadrid :
_bCátedra Seminario Menéndez Pidal :
_bGredos,
_c1980.
300 _a<1> v. ;
_c25 cm.
490 1 _aRomancero y poesía oral ;
_v5
500 _aTexto en español e inglés.
500 _aÍndices.
505 8 _aContiene: 1. Introducción (XXI, 280 p.)
650 7 _aRomances-
_zEspaña-
_vBibliografías.
_9147330
700 1 _aArmistead, Samuel G.
_922992
700 1 _aPetersen, Suzanne H.
_9147331
710 2 _aUniversidad Complutense de Madrid.
_bSeminario Menéndez Pidal.
_97134
830 0 _aRomancero y poesía oral ;
_v5
_9186899
852 _aES-MaACL
_jP-1986
999 _c178826
_d178826